Peněženka na zápěstí? Proč ne
Klasická peňaženka sa v roku 2018 stane minulosťou, bude nahradená nositeľným zariadením - náramkom. Hnacím motorom rastu trhu so šikovnými hodinkami je predovšetkým dôvera v bezkontaktné technológie. Bezpečnosť platieb prostredníctvom nositeľných zariadení narastá vďaka technológii tokenizácie. Bud...
Salvato in:
| Autore principale: | |
|---|---|
| Natura: | Capitolo di libro |
| Lingua: | ceco |
| Soggetti: | |
| Tags: |
Nessun Tag, puoi essere il primo ad aggiungerne!!
|
MARC
| LEADER | 00000naa a2200000 4500 | ||
|---|---|---|---|
| 001 | 0240696 | ||
| 005 | 20180227085852.1 | ||
| 041 | 0 | |a cze | |
| 044 | |a CZ | ||
| 245 | 1 | 0 | |a Peněženka na zápěstí? Proč ne |c Miroslav Lukeš |
| 520 | |a Klasická peňaženka sa v roku 2018 stane minulosťou, bude nahradená nositeľným zariadením - náramkom. Hnacím motorom rastu trhu so šikovnými hodinkami je predovšetkým dôvera v bezkontaktné technológie. Bezpečnosť platieb prostredníctvom nositeľných zariadení narastá vďaka technológii tokenizácie. Budúcnosť prinesie ďalšie inovácie v bezkontaktných platbách zabudovaných v prsteni či v rukáve. | ||
| 610 | 2 | 0 | |a platby bezhotovostné |
| 610 | 2 | 0 | |a peniaze |
| 610 | 2 | 0 | |a technológie informačné |
| 610 | 2 | 0 | |a technológie komunikačné |
| 610 | 2 | 0 | |a technológie nové |
| 610 | 2 | 0 | |a inovácia |
| 100 | 1 | |a Lukeš, Miroslav | |